Denver... or Miami? - Statistics

General Stats
  • This quiz has been taken 1,934 times
  • The average score is 13 of 15
Answer Stats
Question Answer % Correct
Has a higher elevation Denver
98%
Is the capital city of its state Denver
98%
Is further south Miami
98%
A majority of the people in the city proper speak Spanish at home Miami
96%
Is named after a person Denver
90%
Has a suburb named Aurora with over 300,000 residents Denver
89%
Will Smith wrote a song about the city Miami
87%
Is closer to Washington D.C. Miami
87%
Hosts a Formula One race Miami
87%
Has more billionaires in its metro area Miami
84%
Has more skyscrapers Miami
83%
Has a higher population in its metro area Miami
80%
Has a higher per-capita income Denver
71%
The "unsinkable" Molly Brown was a famous early resident Denver
59%
Has never exceeded 100 °F in its recorded history Miami
46%
No matching quizzes found
Score Distribution
Percent of People with Each Score
Percentile by Number Answered
Your Score History
You have not taken this quiz